县级行政区知识问答#11 东城区 Dongcheng Multiple-choice - Statistics

General Stats
  • This quiz has been taken 11 times
  • The average score is 8 of 10
Answer Stats
Question Answer % Correct
东城区传统四合院“四合院”的典型布局特征是? 四面围合
100%
东城区“雍和宫”的前身是哪位清朝皇帝即位前的府邸? 雍正
100%
东城区“故宫”始建于哪个朝代? 明代
88%
东城区“王府井大街”得名于哪类历史遗存? 王府与水井
88%
东城区“北大红楼”在中国近代史上的重要意义是? 新文化运动
88%
东城区“钟鼓楼”在古代的主要功能是? 报时中心
75%
东城区“国子监”在古代的主要功能是? 中央官学
75%
东城区国家级非物质文化遗产“景泰蓝”的工艺核心是? 掐丝珐琅
75%
东城区“南锣鼓巷”的历史可追溯至哪个朝代? 元代
63%
东城区“天坛”的核心建筑“祈年殿”最初用于什么活动? 祈谷
25%
No matching quizzes found
Score Distribution
Percent of People with Each Score
Percentile by Number Answered
Your Score History
You have not taken this quiz